000 00613nam a2200229Ia 4500
003 OSt
005 20221007065317.0
006 a|||||r|||| 00| 0
007 ta
008 221006b |||||||| |||| 00| 0 eng d
024 _a11,713
037 _cTextual
040 _aFLL
_cFLL
_beng
041 _2eng
_aeng
082 _aV2:120J:N7, L3
100 _aSingh S.P. Au.
_9592965
245 0 _aCentre-state relations in agricultural
260 _aDelhi
_bVikas pub. India
_c1973
300 _a377p
_ccm.
942 _hV2:120J:N7, L3
_cTEXL
_2CC
999 _c1136945
_d1136945